000 01254nam a22001817a 4500
999 _c58038
_d58038
003 Ge_BSU
005 20210518161447.0
008 210518s1979 ge ||||| |||| 00| 0 geo d
041 _ageo
080 _a612.3(072) მ-46
245 _aმეთოდური მითითებები, საკონტროლო დავალებები და მათი ამოხსნის ნიმუშები ელექტროტექნიკის თეორიულ საფუძვლებში :
_bელექტროტექნიკური სპეციალობების სტუდენტებისათვის /
_cსაქართველოს ვ. ი. ლენინის სახელობის პოლიტექნიკური ინსტიტუტი.
264 _aთბილისი,
_c1979.
300 _a67 გვ.
_b20 სმ.
653 _aელექტროტექნიკა
653 _aმეთოდური მითითებები
710 _aსაქართველოს ვ. ი. ლენინის სახელობის პოლიტექნიკური ინნსტიტუტი.
_911833
942 _2udc
_cBK